| 000 | 00606nam a2200217Ii 4500 | ||
|---|---|---|---|
| 001 | 20389 | ||
| 003 | CO-ViMGA | ||
| 008 | 241108s9999||||xx |||||||||||||| ||und|| | ||
| 020 | _a9788426140012 | ||
| 040 |
_aCO-ViMGA _bspa _erda _cCO-ViMGA |
||
| 041 | 0 | _aspa | |
| 084 | _aC HIL5ro | ||
| 100 | 1 |
_aTad Hills _952317 |
|
| 245 | 1 | 0 | _aRoc escribre una historia |
| 264 | 1 | _aMadrid, EspaƱa : Editorial Juventud, 2013 | |
| 300 | _avolumen | ||
| 336 |
_atext _btxt _2rdacontent |
||
| 337 |
_aunmediated _bn _2rdamedia |
||
| 338 |
_avolume _bnc _2rdacarrier |
||
| 940 | _aidficha_siabuc: 20044. -- ficha_no_siabuc:20389 | ||
| 999 |
_c47101 _d47101 |
||